01150nab a2200229 i 4500001000400000003000400004005001700008008003900025040000800064080001200072100012700084245011000211260001000321500002100331520029200352650001600644650002800660773016800688942001300856999001500869952003600884BPPBPK20160604115517.0160112s1973 pl n f |000 0pol cBPK a796.012 aWOJCIECHOWSKI, Leszek.d1968 - 1996.bWyższa Szkoła Inżynierska w Koszalinie - Studium Wychowania Fizycznego i Sportu aAnaliza zachodzących z wiekiem zmian w rozwoju fizycznym młodzieży szkolnej /cLeszek Wojciechowski. c1973. aDane z autopsji. aCelem mego doniesienia jest zbadanie zmienności ontogenetycznej budowy ciała i podstawowych jej elementów świadczących o rozwoju fizycznym młodzieży koszalińskiej na tle ogólnych przeciętnych właściwych dla grup młodzieży pochodzących z innych regionów kraju. aUczniowie.  0aSprawność fizyczna. iW :tZeszyty Naukowe Wyższej Szkoły Inżynierskiej w Koszalinie. Prace Studiów Wychowania Fizycznego i Sportu Uczelni Technicznych. -g1973, nr 1, s. 158-167 cART2UKD c5192d5192 00104070aBPKbBPKo0153yART